Single ply roofing (Record no. 92679)

MARC details
000 -LEADER
fixed length control field 00641cam a2200229 4500
008 - FIXED-LENGTH DATA ELEMENTS--GENERAL INFORMATION
fixed length control field 090401t1989 xxu||||| |||| 00| 0 eng d
020 ## - INTERNATIONAL STANDARD BOOK NUMBER
International Standard Book Number 0854064478
035 ## - SYSTEM CONTROL NUMBER
System control number (Sirsi) u50213
041 0# - LANGUAGE CODE
Language code of text/sound track or separate title eng
050 04 - LIBRARY OF CONGRESS CALL NUMBER
Classification number 690.15 $2 18
090 ## - LOCALLY ASSIGNED LC-TYPE CALL NUMBER (OCLC); LOCAL CALL NUMBER (RLIN)
Classification number (OCLC) (R) ; Classification number, CALL (RLIN) (NR) RICS 1989/80ABCD
100 2# - MAIN ENTRY--PERSONAL NAME
Personal name Davies, C. R.
245 00 - TITLE STATEMENT
Title Single ply roofing
Remainder of title advantages and concerns
260 ## - PUBLICATION, DISTRIBUTION, ETC.
Place of publication, distribution, etc. London
Name of publisher, distributor, etc. Surveyors Publications
Date of publication, distribution, etc. 1989
300 ## - PHYSICAL DESCRIPTION
Extent 19p.
Dimensions 30cm.
350 ## - PRICE (NR) (BK AM CF MU VM SE) [OBSOLETE]
Price 4.95
490 #0 - SERIES STATEMENT
Series statement RICS Occasional Paper
651 #4 - SUBJECT ADDED ENTRY--GEOGRAPHIC NAME
Geographic name United Kingdom
Chronological subdivision
690 ## - LOCAL SUBJECT ADDED ENTRY--TOPICAL TERM (OCLC, RLIN)
Topical term or geographic name as entry element BUILT ENVIRONMENT-BUILDING ELEMENTS-COMPLETE BUILDING ELEMENTS-ROOFS
942 ## - ADDED ENTRY ELEMENTS (KOHA)
Suppress in OPAC 0
948 ## - LOCAL PROCESSING INFORMATION (OCLC); SERIES PART DESIGNATOR (RLIN)
c (OCLC) 04/03/1997
Holdings
Withdrawn status Lost status Source of classification or shelving scheme Damaged status Not for loan Home library Current library Shelving location Date acquired Cost, normal purchase price Total Checkouts Full call number Barcode Date last seen Copy number Cost, replacement price Price effective from Koha item type
    Dewey Decimal Classification     London London RICS Boxes 14/09/1999 4.95   RICS 1989/80 30022725 06/08/2019 1 4.95 06/08/2019 Archive
    Dewey Decimal Classification     London London RICS Boxes 14/09/1999 4.95   RICS 1989/80 30031664 06/08/2019 2 4.95 06/08/2019 Reference material
    Dewey Decimal Classification     London London RICS Boxes 20/08/1991 4.95   RICS 1989/80 30031668 06/08/2019 3 4.95 06/08/2019 Book
    Dewey Decimal Classification     London London RICS Boxes 20/08/1991 4.95   RICS 1989/80 30031672 06/08/2019 4 4.95 06/08/2019 Book